Top 15 landen met Covid-19 sterfgevallen - 2 december - Statistieken

Algemene statistieken
  • Deze quiz is 23 keer genomen
  • De gemiddelde score is 12 van 21
Antwoordstatistieken
land % Correct
Verenigde Staten
100%
België
88%
Italië
88%
Spanje
88%
Brazilië
82%
Rusland
82%
Argentinië
76%
Frankrijk
76%
India
71%
Verenigd Koninkrijk
71%
Mexico
65%
Polen
65%
Colombia
59%
Chili
47%
Peru
41%
Zuid-Afrika
41%
Iran
35%
Ecuador
24%
Tsjechië
12%
Bosnië en Herzegovina
6%
Noord-Macedonië
6%
Geen overeenkomende quizzen gevonden
Scoreverdeling
Procent van Mensen met Elke Score
Percentiel versus Aantal Correcte Antwoorden
Uw Scoregeschiedenis
U heeft deze quiz nog niet genomen